Score 0/22 Timer 06:00
2 Plays Today
Start of Quote Rest of Quote % Correct
May the Force...be with you.
94.6%
Hasta...la vista, baby.
94.1%
Toto, I've a feeling...we're not in Kansas anymore.
90.4%
You had me...at 'hello'.
88.9%
Elementary...my dear Watson.
87.8%
There's no crying...in baseball!
87.6%
I'll have...what she's having.
85.5%
A martini...Shaken, not stirred.
84.9%
A boy's best friend...is his mother.
82.8%
The stuff dreams...are made of.
82.2%
I feel the need...the need for speed!
79.7%
Start of Quote Rest of Quote % Correct
If you build it...he will come.
72.9%
All right, Mr. DeMille...I'm ready for my close-up.
67.3%
Mrs. Robinson, you're trying to...seduce me, aren't you?
65.4%
Greed, for lack of a better word...is good.
63.9%
I have always depended on...the kindness of strangers.
59.4%
They call me...Mister Tibbs!
55.9%
Today I consider myself the luckiest...man on the face of the earth.
49.7%
Made it Ma!...Top of the world!
39%
As God is my witness...I'll never be hungry again.
38.6%
Play it, Sam. Play...'As Time Goes By.'
34%
Mother of mercy...is this the end of Rico?
9%

You're not logged in!

Compare scores with friends on all Sporcle quizzes.
OR
Log In

Sporcle TV

Today on Sporcle TV


Watch our educational content, quiz creation guides, and fun videos on Sporcle TV.

Show Comments

Extras

Top Quizzes Today


Score Distribution

Paid Content

Your Account Isn't Verified!

In order to create a playlist on Sporcle, you need to verify the email address you used during registration. Go to your Sporcle Settings to finish the process.

Report this User

Report this user for behavior that violates our Community Guidelines.

Details: